=LDR 00000nam 2200000 4500 =001 INLIS000000000020345 =005 20200310085304 =035 ##$$a 0010-061300000020345 =008 200310################g##########0#ind## =041 ##$$a ind =082 ##$$a 297.4 =090 ##$$a R 2X4.4, Sum h =100 ##$$a Suma, Muhammad Amin =245 1#$$a Himpunan undang-undang perdata Islam dan peraturan pelaksanaan lainnya di negara hukum Indonesia /$c H. Muhammad Amin Suma =260 ##$$a Jakarta :$b PT. Raja Grafindo Persada,$c 2004 =300 ##$$a xxiv, 1190 hlm : $b ilus ; $c 21 x 14 cm =650 #4$$a Hukum Perdata Islam =850 ##$$a NBPNMAT =020 ##$$a 979-3654-11-2 =084 ##$$a 297.4 SUM h =990 ##$$a 30700634 =990 ##$$a 30700635